Freedom: (Record no. 9133)

MARC details
000 -LEADER
fixed length control field 01021 a2200265 4500
005 - DATE AND TIME OF LATEST TRANSACTION
control field 20180416101045.0
010 ## - LCCN (DPL NO)
LC control number ENG-88717
020 ## - INTERNATIONAL STANDARD BOOK NUMBER
International Standard Book Number 9788190401487
Terms of availability 350.00
035 ## - SYSTEM CONTROL NUMBER
System control number EN-72250
035 ## - SYSTEM CONTROL NUMBER
System control number B-341997-342011
035 ## - SYSTEM CONTROL NUMBER
System control number B-690916-917
037 ## - SOURCE OF ACQUISITION
Source of stock number/acquisition DBAD / PUB Universal Voice
082 ## - DEWEY DECIMAL CLASSIFICATION NUMBER
Classification number 954.084
100 ## - MAIN ENTRY--PERSONAL NAME
Personal name Suresh Chand
245 ## - TITLE STATEMENT
Title Freedom:
Remainder of title turning point of first war of 1857 India's independence /
Statement of responsibility, etc by Suresh Chand [and] Savita Nigam
260 ## - PUBLICATION, DISTRIBUTION, ETC. (IMPRINT)
Place of publication, distribution, etc Delhi
Name of publisher, distributor, etc Universal Voice
Date of publication, distribution, etc 2007
270 ## - ADDRESS
Address 3421-A, IInd Floor, Narang Colony, Tri Nagar,
City Delhi
Postal code 110 035
300 ## - PHYSICAL DESCRIPTION
Extent v, 180p.
Dimensions 22cm (Hb)
500 ## - GENERAL NOTE
General note Balidani
500 ## - GENERAL NOTE
General note Includes index
700 ## - ADDED ENTRY--PERSONAL NAME
Personal name Nigam, Savita
942 ## - ADDED ENTRY ELEMENTS (KOHA)
Institution code [OBSOLETE] dpl
Item type English Books
Call number prefix 954.084 / SUR
Source of classification or shelving scheme Dewey Decimal Classification
Classification part 954.084
Call number suffix SUR
Holdings
Withdrawn status Lost status Not for loan Collection code Home library Current library Source of acquisition Cost, normal purchase price Full call number Barcode Copy number Cost, replacement price Koha item type Date acquired Public note
      Non-fiction Bagh Kadhe Khan Bagh Kadhe Khan Universal Voice/105/17.6.09/72/5.6.09/17.6.09 350.00 954.084 SUR B-342007 1 350.00 English Books 09/11/2009  
      Non-fiction Bawana Bawana Universal Voice/105/17.6.09/72/5.6.09/17.6.09 350.00 954.084 SUR B-342009 1 350.00 English Books 09/11/2009  
      Non-fiction Central Library Central Library Universal Voice/105/17.6.09/72/5.6.09/17.6.09 350.00 954.084 SUR B-341997 1 350.00 English Books 16/02/2009  
      Non-fiction Central Library Central Library Universal 032/06.03.2018/801/19.02.2018/12.03.2018 350.00 954.084 SUR B-690916 1 350.00 English Books 16/04/2018 Balidani
    Not For Loan Non-fiction D.B.Act.Division D.B.Act.Division DBAD/PUB 350.00 954.084 SUR EN-72250 1 350.00 English Books    
Withdrawn     Non-fiction Janak Puri Janak Puri Universal Voice/105/17.6.09/72/5.6.09/17.6.09 350.00 954.084 SUR B-342004 1 350.00 English Books 09/11/2009  
      Non-fiction Karol Bagh Karol Bagh Universal Voice/105/17.6.09/72/5.6.09/17.6.09 350.00 954.084 SUR B-342006 1 350.00 English Books 09/11/2009  
      Non-fiction Kasturba Gandhi Marg Kasturba Gandhi Marg Universal Voice/105/17.6.09/72/5.6.09/17.6.09 350.00 954.084 SUR B-342001 1 350.00 English Books 09/11/2009  
      Non-fiction Mobile Library Mobile Library Universal Voice/105/17.6.09/72/5.6.09/17.6.09 350.00 954.084 SUR B-341998 2 350.00 English Books 09/11/2009  
      Non-fiction Mobile Library Mobile Library Universal Voice/105/17.6.09/72/5.6.09/17.6.09 350.00 954.084 SUR B-341999 2 350.00 English Books 09/11/2009  
      Non-fiction Narela Narela Universal Voice/105/17.6.09/72/5.6.09/17.6.09 350.00 954.084 SUR B-342008 1 350.00 English Books 09/11/2009  
      Non-fiction Patel Nagar Patel Nagar Universal Voice/105/17.6.09/72/5.6.09/17.6.09 350.00 954.084 SUR B-342000 1 350.00 English Books 09/11/2009  
      Non-fiction Peshwa Road Peshwa Road Universal Voice/105/17.6.09/72/5.6.09/17.6.09 350.00 954.084 SUR B-342002 1 350.00 English Books 09/11/2009  
      Non-fiction Sarojini Nagar Sarojini Nagar Universal Voice/105/17.6.09/72/5.6.09/17.6.09 350.00 954.084 SUR B-342005 1 350.00 English Books 09/11/2009  
      Non-fiction Sarojini Nagar Sarojini Nagar Universal 032/06.03.2018/801/19.02.2018/12.03.2018 350.00 954.084 SUR B-690917 1 350.00 English Books 16/04/2018 Balidani
      Non-fiction Shahdara Branch Shahdara Branch Universal Voice/105/17.6.09/72/5.6.09/17.6.09 350.00 954.084 SUR B-342010 1 350.00 English Books 09/11/2009  
      Non-fiction Tri Nagar Tri Nagar Universal Voice/105/17.6.09/72/5.6.09/17.6.09 350.00 954.084 SUR B-342003 1 350.00 English Books 09/11/2009  
      Non-fiction Yojana Vihar Yojana Vihar Universal Voice/105/17.6.09/72/5.6.09/17.6.09 350.00 954.084 SUR B-342011 1 350.00 English Books 09/11/2009  

© Delhi Public Library
Hit Counter
free hit counter